Applied mechanics: (Record no. 9759)

MARC details
000 -LEADER
fixed length control field 00523nac a22001691u 4500
020 ## - INTERNATIONAL STANDARD BOOK NUMBER
International Standard Book Number 0412341409
082 ## - DEWEY DECIMAL CLASSIFICATION NUMBER
Classification number 620.1
Item number SAY
090 ## - LOCALLY ASSIGNED LC-TYPE CALL NUMBER (OCLC); LOCAL CALL NUMBER (OCLC)
-- 9759
-- 9759
100 ## - MAIN ENTRY--PERSONAL NAME
Personal name 20080729
245 ## - TITLE STATEMENT
Title Applied mechanics:
Remainder of title A modern approach/
Statement of responsibility, etc F. P. Sayer & J. A. Bones
260 ## - PUBLICATION, DISTRIBUTION, ETC. (IMPRINT)
Place of publication, distribution, etc London:
Name of publisher, distributor, etc Chapman & Hall,1990
Date of publication, distribution, etc 1990
300 ## - PHYSICAL DESCRIPTION
Extent 340p.:
Other physical details ill.;
Dimensions 22 cm.
500 ## - GENERAL NOTE
General note distributer: Al-Ahram
511 ## - PARTICIPANT OR PERFORMER NOTE
Participant or performer note catalogued by: wessam
650 ## - SUBJECT ADDED ENTRY--TOPICAL TERM
Topical term or geographic name as entry element Applied mechanics
942 ## - ADDED ENTRY ELEMENTS (KOHA)
Item type Book - Borrowing
Call number prefix 620.1SAY
Holdings
Withdrawn status Item status Damaged status Not for loan Home library Current library Shelving location Date acquired Source of acquisition Total Checkouts Full call number Barcode Date last seen Koha item type
        Central Library Central Library First floor 04/06/2008 Purchase   620.1SAY 000012006 15/07/2025 Book - Borrowing